<The> Economic costs of populism: Poland should learn from Greece's mistakes

Populizmus poškodzuje poľskú politiku a ekonomiku. Ekonomický populizmus sa objavuje na oboch stranách politického spektra. Populistické programy nezaručujú volebné víťazstvo. Populistické ekonomické programy nie sú nutné na volebné víťazstvo. Grécko ako príklad deštruktívneho ekonomického populizmu...

ver descrição completa

Na minha lista:
Detalhes bibliográficos
Autor principal: Tatała, Marek
Formato: Capítulo de Livro
Idioma:inglês
Assuntos:
Tags: Adicionar Tag
Sem tags, seja o primeiro a adicionar uma tag!

MARC

LEADER 00000nla a2200000 4500
001 0231272
005 20220801090700.1
041 0 |a eng 
044 |a PL 
245 1 0 |a <The> Economic costs of populism: Poland should learn from Greece's mistakes  |c Marek Tatała 
520 |a Populizmus poškodzuje poľskú politiku a ekonomiku. Ekonomický populizmus sa objavuje na oboch stranách politického spektra. Populistické programy nezaručujú volebné víťazstvo. Populistické ekonomické programy nie sú nutné na volebné víťazstvo. Grécko ako príklad deštruktívneho ekonomického populizmu. 
610 2 0 |a politika 
610 2 0 |a voľby 
610 2 0 |a Poľsko 
610 2 0 |a Grécko 
610 2 0 |a hospodárstvo národné 
100 1 |a Tatała, Marek